Top 3 NBA 2K21 Players by College: A-10 - Statistics

General Stats
  • This quiz has been taken 17 times
  • The average score is 2 of 8
Answer Stats
College Player Rating % Correct
Davidson Stephen Curry 96
100%
Dayton Obi Toppin 76
57%
Saint Joseph's DeAndre' Bembry 74
14%
Fordham Eric Paschall 79
14%
Dayton Kostas Antetokounmpo 69
14%
George Washington Yuta Watanabe 72
14%
Saint Joseph's Langston Galloway 76
7%
Duquesne T.J. McConnell 78
7%
No matching quizzes found
Score Distribution
Percent of People with Each Score
Percentile by Number Answered
Your Score History
You have not taken this quiz